| 000 | 00762 a2200205 4500 | ||
|---|---|---|---|
| 005 | 20080827144233.0 | ||
| 008 | 080827t xxu||||| |||| 00| 0 eng d | ||
| 010 | _aENG-87284 | ||
| 020 | _c80.00 | ||
| 035 | _aEN-70817 | ||
| 037 | _bDBAD / PUB | ||
| 082 | _a133.53 | ||
| 100 | _aHariharan, K | ||
| 245 |
_aNew horizons on Krishnamurthi Padhdhati _cby K. Hariharan |
||
| 260 |
_aChennai _bKrishnamurti Publications _c2006 |
||
| 270 |
_aF21-A, First floo0r, Spencer Plaza, 769, Anna Road _bChennai |
||
| 300 |
_a214 p. _c22 cm (Pbk.) |
||
| 942 |
_adpl _cEN _k133.53 / HAR _2ddc _h133.53 _mKRI |
||
| 999 |
_c6344 _d6344 |
||